000 01155nam a22002537a 4500
005 20170124102947.0
010 _aB-149378
020 _c300.00
_a8187364122
035 _aB-149378
037 _bCen Lib/Ret
040 _aDPL
_bHN
082 _a320.5
_bपरोहा
100 _aपरोहा, उमा
_95680
245 _aश्रीमती इंदिरा गाँधी के राजनितिक विचार /
_cउमा परोहा
246 _aShrimati indira gandhi ke rajnitik vichar /
_bby Uma Paroha
260 _aरीवा
_bगायत्री पब्लिकेशन्स
_c2004
270 _a41/42, रघुवंश सदन, शांति कुञ्ज, बिछिया
_bरीवा
_e48001
300 _a160पृ.
_c21सेमी (सजिल्द)
650 _aराजनीतिक विज्ञान
_950341
650 _aराजनितिक विचारधारा
_xइंदिरा
_950342
650 _aPolitical science
_950343
650 _aPolitical ideology
_xIndira
_950344
942 _2ddc
_cHN
_h320.5
_mपरोहा
999 _c113044
_d113044